000
00303cam a2200109ua 4500
082
_a
500
_b
UNN/NJ
100
_a
Unniraja, C .
_9
1788
245
_a
Njanum Ningalum Shastratinte Drishtiyil
260
_a
Kottayam :
_b
Prabhatham Printing and Publishing Co. Pvt. Ltd. ,
_c
1967.
300
_a
154 ; .
942
_c
BK
999
_c
555
_d
555